000 00392nam a22001457a 4500
003 OSt
008 240911b |||||||| |||| 00| 0 eng d
020 _a9789356760523
082 _a516.00954
_bAMG
100 _aAMMA, T. A Sarasvati
245 _aGeometry in Ancient and Medieval India
260 _aNew Delhi:
_bMotilal Banarsidass Publisher,
_c2022.
300 _axi,277p.
942 _2ddc
_cBK
999 _c12904
_d12904